Supports (Record no. 80836)

MARC details
000 -LEADER
fixed length control field 00599nam a2200145 a 4500
008 - FIXED-LENGTH DATA ELEMENTS--GENERAL INFORMATION
fixed length control field 120416s1972 xx |||||||||||||| || u
050 ## - LIBRARY OF CONGRESS CALL NUMBER
Classification number NA 9031 Hab
100 ## - MAIN ENTRY--PERSONAL NAME
Personal name Habraken, N. J
245 10 - TITLE STATEMENT
Title Supports
246 ## -
-- an alternative to mass housing
260 ## - PUBLICATION, DISTRIBUTION, ETC.
Date of publication, distribution, etc. 1972
350 ## -
-- 0.00
995 ## -
-- MAIN LIBRARY OPEN ACCESS
-- 0.00
-- 716777
-- CBU-MAIN LIBRARY (Kitwe)
-- 1
-- 2.75
-- NA 9031 Hab
-- AVAILABLE
-- 010628
-- Main Library Open Access Collection
995 ## -
-- MAIN LIBRARY OPEN ACCESS
-- 0.00
-- 146755
-- CBU-MAIN LIBRARY (Kitwe)
-- 2
-- 2.75
-- NA 9031 Hab
-- AVAILABLE
-- 010629
-- Main Library Open Access Collection
999 ## -
-- 80836
-- 80836
Holdings
Withdrawn status Lost status Source of classification or shelving scheme Damaged status Not for loan Permanent Location Current Location Shelving location Date acquired Total Checkouts Full call number Barcode Date last seen Copy number Price effective from Koha item type
          CBU-MAIN LIBRARY, KITWE. CBU-MAIN LIBRARY, KITWE.   07/11/2023   NA 9031 Hab 010628 07/11/2023 1 07/11/2023 MONOGRAPH
          CBU-MAIN LIBRARY, KITWE. CBU-MAIN LIBRARY, KITWE.   07/11/2023   NA 9031 Hab 010629 07/11/2023 2 07/11/2023 MONOGRAPH